Every 90+ In NBA 2K26 - Statistics

General Stats
  • This quiz has been taken 214 times
  • The average score is 17 of 24
Answer Stats
Overall Answer % Correct
98 Nikola Jokic
96%
98 Shai Gilgeous-Alexander
94%
95 Luka Doncic
91%
94 LeBron James
90%
94 Stephen Curry
81%
94 Victor Wembanyama
78%
94 Jayson Tatum
76%
93 Kevin Durant
74%
90 Jaylen Brown
70%
95 Anthony Edwards
69%
93 Donovan Mitchell
69%
93 Jalen Brunson
69%
92 Joel Embiid
67%
93 Tyrese Haliburton
67%
93 Anthony Davis
66%
90 Kyrie Irving
63%
92 Karl Anthony-Towns
62%
91 Devin Booker
61%
92 Kawhi Leonard
60%
90 Trae Young
57%
92 Cade Cunningham
56%
90 Jalen Williams
55%
91 Ja Morant
52%
97 Giannis Antetokounmp
39%
No matching quizzes found
Score Distribution
Percent of People with Each Score
Percentile by Number Answered
Your Score History
You have not taken this quiz